000 00426nam a2200169 a 4500
001 0000-8817
003 ELIB.Books
008 110520 1970
035 _a(ELIB.Books)0000-8963
082 _a220.15
_bBer
100 _aBergin, Robert
245 _aThis Apocalyptic Age
260 _bEngland: Voice of Fatima International
_c1970
650 _aBible
942 _2ddc
_cBK
998 _cbat
_e2011-05-20
999 _c8817
_d8817